| 000 | 01063nam a2200301 a 4500 | ||
|---|---|---|---|
| 003 | EG-GICUC | ||
| 005 | 20260427173213.0 | ||
| 008 | 260427s1893 be |||fr|||| 00| 0 fre d | ||
| 040 |
_a EG-GICUC _bfre _c EG-GICUC _d EG-GICUC _erda |
||
| 041 | 0 | _aFre | |
| 082 | 0 | 4 |
_221 _a343.83 _bCO |
| 092 | 0 | 4 | _221 |
| 099 | _aLaw1 10 343.83 CO 1893 | ||
| 111 | _aTroisième Congrès International. | ||
| 245 | 1 | 0 |
_aActes Du Troisième Congrès International D'anthropologie Criminelle : _nTroisième Congrès / _cSous Le Haut Patronage Du Gouvernement. |
| 264 | 1 |
_aBruxelles : _bF. Hayez, Imprimeur De L'académie Royale De Belgique, _c1893. |
|
| 300 |
_a325 Pages : _bIllustrations; _c24 cm. |
||
| 336 |
_2rda content _atext |
||
| 337 |
_2rda media _aComputer |
||
| 338 |
_2rda carrier _aOnline Resource |
||
| 546 | _aالنص باللغة الفرنسية | ||
| 650 | 1 |
_aMédecine Légale _2qrma |
|
| 650 | 1 |
_aDroit De Pénal _2qrmak |
|
| 651 | 1 | _2qrmak | |
| 856 | 4 | 0 | _uhttps://fll.law.cu.edu.eg/fulltext/conf/B10-10770.pdf |
| 905 | _a54 | ||
| 942 |
_2ddc _cBK _e21 _n0 |
||
| 999 |
_c73717 _d73717 |
||